000 00824nam a2200229 4500
001 116181
003 ES-MaACL
005 20250809195003.0
007 t|
008 061121s1970 sp r ||||1| spa d
080 _a94(460.23)"1936/39"
100 1 _aOrwell, George.
_987703
245 1 0 _aHomenaje a Cataluña
_b: un testimonio sobre la revolución española /
_cGeorge Orwell ; prólogo de Luis Romero ; introducción de Lionel Trilling ; traducción de Carlos Pujol.
260 _aBarcelona :
_bAriel,
_c1970.
300 _a263 p. ;
_c22 cm.
651 4 _aCataluña-
_xHistoria-
_y1936-1939.
_98015
700 1 _aRomero Pérez, Luis,
_d1916-2009
_999338
700 1 _aTrilling, Lionel.
_9111429
700 1 _aPujol, Carlos,
_d1936-2012
_994332
852 _aES-MaACL
_jC-44650
999 _c116181
_d116181